| 000 | 00368nam a2200145 a 4500 | ||
|---|---|---|---|
| 001 | 1317 | ||
| 003 | CDMR | ||
| 005 | 20130717123401.0 | ||
| 008 | 130130s1994||||||||||||||||||||||||||||d | ||
| 040 |
_aCDMR _bcat _cCPC GIRONA |
||
| 100 | 1 |
_aHuerta, Ricard _91030 |
|
| 245 | 1 | 0 |
_aFunció plàstica de les lletres _cHuerta, Ricard |
| 260 |
_c1994 _bDel Bullent |
||
| 942 |
_cMON _2udc |
||
| 999 |
_c1317 _d1317 |
||